Mimoriadny starobný dôchodok Námety na riešenie

Oblasť dôchodkového zabezpečenia upravená zákonom č. 100/1988 Zb. o sociálnom zabezpečení v znení neskorších predpisov. Právna úprava podmienok vzniku nároku na poskytovanie mimoriadneho starobného dôchodku.

Guardado en:
Detalles Bibliográficos
Autor principal: Lipták, Igor
Formato: Capítulo de libro
Lenguaje:eslovaco
Materias:
Etiquetas: Agregar Etiqueta
Sin Etiquetas, Sea el primero en etiquetar este registro!

MARC

LEADER 00000naa a2200000 4500
001 r024493
005 20221213123041.2
041 0 |a slo 
044 |a SK 
245 1 0 |a Mimoriadny starobný dôchodok  |b Námety na riešenie  |c Igor Lipták 
520 |a Oblasť dôchodkového zabezpečenia upravená zákonom č. 100/1988 Zb. o sociálnom zabezpečení v znení neskorších predpisov. Právna úprava podmienok vzniku nároku na poskytovanie mimoriadneho starobného dôchodku. 
610 2 0 |a dôchodky starobné 
610 2 0 |a zákony 
610 2 0 |a Slovensko 
610 2 0 |a zabezpečenie sociálne 
610 2 0 |a 1988 
610 2 0 |a 1993 
100 1 |a Lipták, Igor